|
|
|
|
| LEADER |
00783nam a2200253Ia 4500 |
| 008 |
240829s9999 xx 000 0 und d |
| 020 |
|
|
|a 978-607-05-0151-7
|
| 040 |
|
|
|a BIBLIOTECA-RUPAP 515.35 B789
|
| 041 |
|
|
|a spa
|
| 082 |
|
|
|a 515.35 B789
|
| 100 |
1 |
|
|a Boyce, William
|
| 245 |
1 |
0 |
|a Ecuaciones diferenciales y problemas con valores en la frontera
|
| 250 |
|
|
|a 5a.ed.
|
| 260 |
|
|
|a México
|b Limusa/Wiley
|c 2013
|
| 300 |
|
|
|a 788 p. :il.
|
| 650 |
7 |
|
|a ECUACIONES DIFERENCIALES
|
| 650 |
7 |
|
|b ECUACIONES LINEALES
|
| 650 |
7 |
|
|c TRANSFORMADA DE PAPLACE
|
| 650 |
7 |
|
|d METODOS NUMERICOS
|
| 650 |
7 |
|
|e ECUACIONES DIFERENCIALES NO LINEALES
|
| 650 |
7 |
|
|f ECUACIONES DIFERENCIALES PARCIALES. I. DiPrima, Richard C., coaut. II. Tít.
|
| 942 |
|
|
|c BK
|2 ddc
|
| 991 |
|
|
|a TEXTO
|
| 999 |
|
|
|c 8251
|